000 00984nam a22002297a 4500
001 14489
003 BD-JhCC
005 20251211123555.0
008 251211b |||||||| |||| 00| 0 eng d
020 _a9789845200424
035 _a(BD-JhCC) 14489
040 _aBD-JhCC
_dBD-JhCC
041 _aবাংলা
082 _223
_a378.547
_bAZA 2022
100 _aআজম,শফিকুল
245 _aঢাকা বিশ্ববিদ্যালয়ের জ্ঞাগর্ভে যখন জন্মেছি /
_cশফিকুল আজম
260 _aঢাকাঃ
_bরিদম প্রকাশনা সংস্থা,
_c২০২২
300 _a৩৩৬ পৃ.;
_bচিত্রাবলী সংযোজিত,
_c২২ সেমি.
_eপেপার বাইণ্ডিং
650 _aস্মৃতিকথা / আত্মজৈবনিক
650 _aঢাকা বিশ্ববিদ্যালয়
942 _2ddc
_cBK
999 _c14489
_d14489